| 000 | 00595nam a22002177a 4500 | ||
|---|---|---|---|
| 001 | 00028523 | ||
| 005 | 20260310153337.0 | ||
| 008 | 260310b ag ||||| |||| 00| 0 spa d | ||
| 020 | _a9789875781993 | ||
| 040 |
_aAR-CcCEOS _bspa _cAR-CcCEOS |
||
| 041 | _aspa | ||
| 080 | _a840-94 | ||
| 090 | _bYOU | ||
| 100 | 1 |
_aYourcenar, Marguerite, _d1903-1987 _9845 |
|
| 245 |
_aCuentos orientales / _cMarguerite Yourcenar |
||
| 250 | _a1a ed. | ||
| 260 |
_aBuenos Aires : _bAguilar, _c2012. |
||
| 300 |
_a176 p. ; _c19x13 cm. |
||
| 655 | 0 |
_aliteratura francesa _9429 _vnovela |
|
| 942 |
_2udc _cBK _n0 |
||
| 999 |
_c28553 _d28553 |
||